000 00317nam a2200133Ia 4500
008 191201s2012 xx 000 0 und d
100 _aSINGLA, RK
245 0 _aManagement Process and Organisational
250 _aEd
260 _aN. delhi
_bV K Enterprises
_c2012
300 _a611
650 _aBBA
942 _2ddc
_cBK
_02
999 _c50
_d50